000
00323nam a2200145Ia 4500
008
191201s2010 xx 000 0 und d
082
_a
658
_b
ROM
100
_a
ROBBINS,Stephen P
245
0
_a
Management
250
_a
IMP 1st
260
_a
N. delhi
_b
pearson
_c
2010
300
_a
544
650
_a
BBA
942
_2
ddc
_c
BK
_0
5
999
_c
4549
_d
4549